000 00293nam a22001337a 4500
008 170724b xxu||||| |||| 00| 0 eng d
020 _a029236729677
041 _aeng
080 _a004
100 _a29
101 _aSHKI
245 _aABSOLUTE BEGINNER'S GUIDE
_cBOYCE, J
942 _2udc
_cBK
999 _c21796
_d21796